Random National Flags of Asia and Oceania - Statistics

General Stats
  • This quiz has been taken 888 times
  • The average score is 14 of 15
Answer Stats
Picture Answer % Correct
Bangladesh
100%
Japan
100%
Nepal
100%
South Korea
100%
Turkey
100%
China
99%
Georgia
99%
India
99%
Israel
99%
Kyrgyzstan
99%
Malaysia
99%
New Zealand
99%
North Korea
99%
Saudi Arabia
99%
Australia
98%
Bahrain
98%
Bhutan
98%
Cyprus
98%
Iran
98%
Lebanon
98%
Pakistan
98%
Qatar
98%
Vietnam
98%
Cambodia
97%
Iraq
97%
Sri Lanka
97%
Taiwan
97%
Thailand
97%
Uzbekistan
97%
Kazakhstan
96%
Myanmar
96%
Singapore
96%
Syria
96%
Indonesia
95%
Laos
95%
Mongolia
95%
Philippines
95%
Yemen
95%
Kiribati
94%
Kuwait
94%
Oman
94%
Papua New Guinea
94%
Turkmenistan
94%
Afghanistan
93%
Azerbaijan
93%
Tuvalu
93%
United Arab Emirates
93%
Armenia
92%
Fiji
92%
Tajikistan
92%
Brunei
91%
Maldives
91%
Jordan
90%
Tonga
90%
F. S. Micronesia
88%
East Timor
87%
Nauru
87%
Palau
87%
Samoa
87%
Solomon Islands
87%
Marshall Islands
86%
Vanuatu
84%
No matching quizzes found
Score Distribution
Percent of People with Each Score
Percentile by Number Answered
Your Score History
You have not taken this quiz